[Event "8th HDBank Cup 2018"]
[Site "Hanoi"]
[Date "2018.03.13"]
[Round "6"]
[White "Wang, Hao"]
[Black "Harsha Bharathakoti"]
[Result "1-0"]
[WhiteElo "2713"]
[BlackElo "2443"]
[Annotator "TA"]
[PlyCount "103"]
[EventDate "2018.??.??"]
[EventCountry "VIE"]
[SourceTitle "playchess.com"]
[Source "ChessBase"]
[SourceQuality "1"]

{[%evp 29,103,57,59,10,5,13,18,12,20,16,42,34,20,22,28,22,42,62,62,62,84,75,89,10,22,13,27,2,35,25,50,61,184,183,189,182,193,180,188,175,176,141,228,220,208,218,277,262,285,275,314,317,324,268,319,316,326,324,321,298,287,275,268,256,231,231,220,185,643,643,823,789,1291,1127,29981,29982]} 1. e4 e5 2. Nf3 Nc6 3. Bb5 a6 4. Ba4 Nf6 5. O-O Be7 6. Re1 b5 7. Bb3 d6 8. c3 O-O 9. h3 Nb8 10. d4 Nbd7 11. Nbd2 Bb7 12. Bc2 Re8 13. a4 c5 14. d5 c4 {C95: Closed Ruy Lopez: Breyer Variation with 10 d4} 15. b3 cxb3 {LiveBook: 33 Games} 16. Bxb3 (16. Nxb3 Qc7 17. Be3 Nb6 18. Nbd2 Nfd7 19. axb5 {½-½ (19) Areshchenko,A (2678)-Efimenko,Z (2651) Rivne 2016}) 16... Qc7 {[#] The position is equal.} 17. Re3 $146 ({Predecessor:} 17. Bb2 Nc5 18. Bc2 bxa4 19. Re3 Nfd7 20. Bxa4 Nxa4 21. Qxa4 a5 22. c4 {1-0 (44) Parligras,M (2552)-Reichmann,E (2331) Austria 2009}) 17... Nc5 18. Ba3 Nfd7 19. c4 Qa5 20. cxb5 axb5 21. axb5 Qxb5 22. Bc4 Qb6 23. Rb1 Qc7 $1 24. Bb5 Reb8 25. Qc2 $36 {[%mdl 2048] White has strong initiative.} Qd8 {[#]} 26. Rc1 (26. Bxd7 $1 $16 Nxd7 27. Nc4) 26... Ba6 $11 27. Bc6 Ra7 28. Nc4 Rc8 (28... Bxc4 $5 29. Qxc4 g6 $14) 29. Bb4 Bb7 30. Na5 Rxa5 ({Black should play} 30... Na6 $14 31. Bd2 (31. Nxb7 Nxb4 32. Nxd8 Nxc2 $14) 31... Ba8) 31. Bxb7 Rb8 32. Bxa5 Qxa5 33. Bc6 {And now Bxd7 would win.} Nf6 34. Ree1 Rb4 35. Nd2 g6 (35... Rd4 $16) 36. Ra1 $18 Qc7 37. Reb1 Rxb1+ 38. Qxb1 ({Less strong is} 38. Nxb1 Nfxe4 39. Nc3 Nxc3 $16) 38... Kg7 39. g3 h5 40. h4 Ng4 41. Ra8 g5 42. hxg5 Bxg5 43. Nc4 h4 44. gxh4 Bxh4 45. f3 Nh6 46. Re8 Qa7 {[#] ...Nxe4+ is the strong threat.} 47. Kh1 Kh7 48. Bb5 {Black must now prevent Qf1.} Nb3 $2 (48... Nd7) 49. Qxb3 Qf2 {( -> ...Bg3)} 50. Qe3 Qf1+ 51. Kh2 Ng4+ 52. fxg4 {Precision: White = 79%, Black = 46%.} 1-0

[Event "8th HDBank Cup 2018"]
[Site "Hanoi"]
[Date "2018.03.13"]
[Round "6"]
[White "Mareco, Sandro"]
[Black "Zhao, Jun"]
[Result "1-0"]
[WhiteElo "2635"]
[BlackElo "2599"]
[Annotator "TA"]
[PlyCount "157"]
[EventDate "2018.??.??"]
[EventCountry "VIE"]
[SourceTitle "playchess.com"]
[Source "ChessBase"]
[SourceQuality "1"]

{[%evp 16,157,39,28,38,31,25,-1,7,-12,0,-29,-17,-35,-33,-37,-32,-44,-22,-29,-29,-45,0,-53,-30,-64,-80,-75,-16,-22,0,0,0,0,0,-52,-56,-159,0,0,23,28,20,26,14,16,16,26,16,20,15,18,33,33,30,37,37,6,10,9,34,24,50,56,41,45,58,55,147,137,143,153,140,89,89,89,90,90,96,83,105,84,87,89,270,263,269,140,354,357,347,296,296,75,76,69,74,75,82,89,135,99,96,98,5293,12833,12832,12833,12833,12835,12835,12836,12836,12834,12840,12841,12841,12839,12843,12843,12843,12841,12842,12842,12843,12843,12843,12844,12843,12843,12844,12844,12845,12845,12845,12843,12844,12844,12845,12845,12845,12844,12844,12841]} 1. d4 Nf6 2. c4 c6 3. Nc3 d5 4. e3 g6 5. Nf3 Bg7 6. Be2 O-O 7. O-O b6 8. b4 Bb7 {D94: Grünfeld: 4 Nf3 Bg7 5 e3} (8... Ne4 9. Bb2 Nxc3 10. Bxc3 Bb7 11. Qb3 Nd7 12. a4 a6 13. Rfd1 e6 14. Qb2 Re8 15. Nd2 Qe7 16. Bf1 {0-1 (31) Anton Guijarro,D (2607)-Li,C (2711) Germany 2015}) 9. a4 {LiveBook: 3 Games} dxc4 10. Bxc4 Nd5 {White is slightly better.} 11. Na2 $146 ({Predecessor:} 11. Bxd5 cxd5 12. b5 Nd7 13. Ba3 Rc8 14. Qb3 Re8 15. Rac1 e6 16. Na2 {1-0 (46) Smyslov,V (2530)-Shvedchikov,A (2400) Moscow 1992}) 11... c5 12. b5 Nd7 13. Bb2 Rc8 14. Rc1 e6 {[%cal Be7e6,Be6e5,Be5e4][%mdl 32]} 15. Re1 cxd4 16. Bxd4 Nc5 17. Bf1 Qe7 18. Rc4 e5 19. Bb2 ({White should play} 19. Bxc5 $11 Rxc5 20. Rxc5 Qxc5 21. Qd2) 19... Rfd8 {...Nxe3! is the strong threat.} 20. Qc2 e4 $36 {[%mdl 2048] White is under strong pressure.} 21. Bxg7 Kxg7 (21... exf3 $17 22. Bh6 Nf6) 22. Nd4 $11 Qf6 23. Rd1 h5 {[#]} 24. a5 $1 {[%mdl 512]} Nd3 (24... bxa5 25. Rxc5) 25. Nc6 (25. Bxd3 $11 exd3 26. Qxd3) 25... Bxc6 $15 26. Rxc6 (26. bxc6 $15 Nb2 27. c7 Nxd1 28. cxd8=B Rxd8 29. Rxe4 (29. Qxd1 $2 Nxe3 30. Qe1 Nxc4 $19)) 26... Rxc6 $2 ({Better is} 26... bxa5 $17 {Hoping for ...Rxc6.} 27. Rd2 Rxc6 28. bxc6 N5b4 29. Nxb4 axb4) 27. bxc6 $11 Nc7 28. axb6 axb6 29. Qc3 Ra8 30. Qxf6+ Kxf6 31. Nc3 Nc5 32. Rb1 Rb8 33. f3 Ke7 34. fxe4 Kd6 35. Bc4 N5e6 36. Rf1 b5 37. Bb3 Rf8 38. Bxe6 Nxe6 39. Nxb5+ Kxc6 $14 {[%mdl 4096] Endgame KRN-KRN} 40. Nd4+ Kd7 41. Rf6 {Strongly threatening Nxe6.} Nd8 ({Black should try} 41... Ng5 $14) 42. e5 $16 Ke7 43. Kf2 Re8 44. Kf3 (44. Rb6 $142 $1) 44... Kf8 45. Kf4 Kg7 46. Rb6 Re7 47. h4 Nb7 48. Rc6 Nd8 49. Ra6 Nb7 $2 (49... Re8 $16 {is a better defense.} 50. Ke4 Re7) 50. Ra7 $18 Kf8 51. Ra8+ ({Only move:} 51. e6 $18) 51... Re8 $2 (51... Kg7 $16 52. Rc8 Na5) 52. Rxe8+ Kxe8 {KN-KN} 53. Kg5 Nc5 54. e6 $2 (54. Kh6 $1 $18 {is the precise move to win.}) 54... Ke7 $16 55. exf7 Kxf7 56. Kf4 Nd3+ 57. Ke4 Nf2+ 58. Kf3 Nd3 {[#]} 59. e4 $1 g5 $2 {[%mdl 8192]} (59... Kf6 $16 60. Ke3 Nc5) 60. hxg5 $18 {White is clearly winning.} Kg6 61. Ke3 Nc5 {[#]} 62. Nf3 $1 Ne6 63. g3 Nc5 64. Kd4 Ne6+ 65. Kd5 Nc7+ 66. Ke5 Ne8 67. Ke6 Nc7+ 68. Kd6 Nb5+ 69. Kd7 Nc3 70. e5 {[%cal Be4e5,Be5e6][%mdl 32]} Ne4 71. e6 Nc5+ 72. Kd6 Ne4+ 73. Kd5 Nc3+ 74. Ke5 Nb5 75. Kf4 Nc7 76. Nh4+ Kg7 77. Ke5 Ne8 78. g6 Kh6 79. e7 {Precision: White = 60%, Black = 52%.} 1-0

[Event "8th HDBank Cup 2018"]
[Site "Hanoi"]
[Date "2018.03.13"]
[Round "6"]
[White "Nguyen Ngoc Truong Son"]
[Black "Nguyen, Van Huy"]
[Result "1-0"]
[WhiteElo "2630"]
[BlackElo "2454"]
[Annotator "TA"]
[PlyCount "125"]
[EventDate "2018.??.??"]
[EventCountry "VIE"]
[SourceTitle "playchess.com"]
[Source "ChessBase"]
[SourceQuality "1"]

{[%evp 31,125,47,48,47,58,46,55,56,48,46,54,45,63,56,62,70,68,63,64,63,101,105,100,100,104,107,121,112,119,125,140,138,144,138,181,179,177,150,174,174,174,160,167,151,159,154,174,174,172,156,148,138,207,207,208,204,209,167,167,164,182,165,177,169,154,149,156,150,153,137,298,247,250,243,655,636,612,612,608,576,836,828,837,790,803,494,811,749,1243,812,891,840,807,760,1999,1752]} 1. c4 Nf6 2. Nc3 e6 3. e4 {[%cal Be2e4,Be4e5][%mdl 32]} c5 4. e5 Ng8 5. Nf3 Nc6 6. d4 cxd4 7. Nxd4 Nxe5 8. Ndb5 a6 9. Nd6+ Bxd6 10. Qxd6 f6 11. Be3 Ne7 12. Bb6 Nf5 13. Qb4 Qe7 14. Qxe7+ Kxe7 {A19: English Opening: Flohr-Mikenas System with 3...c5} (14... Nxe7 15. O-O-O d5 16. Be2 Kf7 17. b3 dxc4 18. bxc4 Nd7 19. Bc7 b6 20. Bf3 Ra7 21. Rxd7 Bxd7 22. Bxb6 Raa8 23. Bxa8 Rxa8 {½-½ (23) Gajewski,G (2634)-Gharamian,T (2626) Chartres 2017}) 15. f4 Ng6 16. g3 d6 {LiveBook: 7 Games. White is slightly better.} 17. O-O-O Bd7 18. Bd3 Kf7 19. Bxf5 exf5 20. Rxd6 Bc6 {[#]} 21. Rhd1 $146 ({Predecessor:} 21. Re1 Rhe8 22. Rdd1 {½-½ (41) Oms Pallisse,J (2528)-Estremera Panos,S (2352) Zaragoza 2010}) 21... Rhe8 22. b4 Nf8 23. Kb2 Re6 24. Rxe6 Nxe6 25. b5 axb5 26. cxb5 Bf3 27. Rd3 Bg2 28. Rd2 Bf3 29. a4 Nf8 30. Bc5 g5 31. Rf2 g4 32. Rd2 Ne6 33. Rd7+ Kg6 34. Bf2 Rd8 35. Rxd8 Nxd8 $18 {[%mdl 4096] Endgame KBN-KBN} 36. Kb3 Kf7 37. Kc4 Ke6 38. Kc5 Nf7 39. Kb6 $1 Kd7 40. Bc5 $1 Nd8 41. Bd4 Ne6 (41... Nf7 $16 {was called for.} 42. a5 (42. Bxf6 Nd6 $18) 42... Nd6) 42. Bxf6 Nc7 43. Kc5 $1 Ke6 44. Bd8 Nd5 {[#]} 45. Nb1 $1 Kd7 46. Bb6 h5 {[#]} 47. a5 $1 h4 48. gxh4 Nxf4 49. Nd2 Be2 50. Nc4 Nh5 $2 (50... Ne6+ $16 51. Kb4 Nf4) 51. a6 bxa6 52. bxa6 {[%cal Bb5a6,Ba6a7][%mdl 32] Strongly threatening a7.} Kc8 $2 (52... Ke6 53. Bc7 Bf3) 53. Nd6+ {White is clearly winning.} Kd7 54. a7 Bf3 55. Nxf5 Ba8 56. Ng3 Nf6 57. h5 Ke6 58. Kc4 Kf7 (58... Ne8 $142 59. Kd4 Nd6) 59. Bd4 Nd5 60. Kc5 Nf4 61. Kd6 Kg8 62. Kc7 Ne6+ 63. Kb8 {Precision: White = 96%, Black = 45%.} 1-0

[Event "8th HDBank Cup 2018"]
[Site "Hanoi"]
[Date "2018.03.13"]
[Round "6"]
[White "Wen Yang"]
[Black "Pascua, Haridas"]
[Result "1/2-1/2"]
[WhiteElo "2608"]
[BlackElo "2431"]
[Annotator "TA"]
[PlyCount "43"]
[EventDate "2018.??.??"]
[EventCountry "VIE"]
[SourceTitle "playchess.com"]
[Source "ChessBase"]
[SourceQuality "1"]

{[%evp 18,43,39,41,32,16,23,29,14,28,21,20,25,27,24,14,20,0,0,0,0,0,0,0,0,0,0,-14]} 1. d4 Nf6 2. Nf3 g6 3. g3 Bg7 4. Bg2 O-O 5. O-O d6 6. b3 Nbd7 7. Bb2 e5 8. dxe5 Ng4 9. Nc3 Ngxe5 10. Qd2 {LiveBook: 3 Games. A49: 1 d4 Nf6 2 Nf3 g6 3 g3: Anti-King's Indian systems} Nxf3+ 11. Bxf3 Nc5 (11... Nb6 12. a4 a5 13. Rad1 Qf6 14. Ba1 Qe7 15. Rfe1 h5 16. e4 h4 17. Nd5 Nxd5 18. exd5 {1-0 (34) Bernadskiy,V (2588)-Terletsky,O (2406) Lutsk 2018}) 12. Rad1 {White has an edge.} Re8 13. Rfe1 $146 ({Find the theoretical novelty and annotate with similar games:} 13. Qc1 c6 14. Nb1 Bh3 15. Rfe1 Qe7 16. c4 Be5 17. Bd4 Qf6 18. Bxe5 dxe5 {½-½ (70) Soos,B (2365)-Euler,G (2345) Germany 1993}) 13... Rb8 14. Qc1 Be6 15. Bg2 b5 16. a3 a5 {[%cal Ba7a5,Ba5b4][%mdl 32] The position is equal.} 17. Qa1 b4 18. axb4 axb4 19. Nd5 Bxb2 20. Qxb2 {[#] Strongly threatening Nf6+.} Bxd5 21. Bxd5 Ne4 22. Bc6 {Precision: White = 74%, Black = 74%.} 1/2-1/2

[Event "8th HDBank Cup 2018"]
[Site "Hanoi"]
[Date "2018.03.13"]
[Round "6"]
[White "Karthikeyan, Murali"]
[Black "Nguyen Anh Khoi"]
[Result "1/2-1/2"]
[WhiteElo "2592"]
[BlackElo "2435"]
[Annotator "TA"]
[PlyCount "99"]
[EventDate "2018.??.??"]
[EventCountry "VIE"]
[SourceTitle "playchess.com"]
[Source "ChessBase"]
[SourceQuality "1"]

{[%evp 33,99,-55,-22,-74,-77,-75,-68,-77,-83,-246,-94,-63,-69,-64,-45,-50,-43,-77,-15,-36,-29,-22,-27,-52,-70,-116,-119,-115,-14,-13,0,0,20,39,22,-60,-50,-56,-54,-64,-49,-53,-49,-185,-113,-115,-104,-120,0,0,0,0,0,0,0,0,0,0,0,0,0,0,0,0,0,0,0,0]} 1. e4 c5 2. Nf3 d6 3. d4 cxd4 4. Nxd4 Nf6 5. Nc3 a6 6. Be2 e6 7. O-O Be7 8. f4 O-O 9. Be3 Qc7 10. Kh1 b5 11. e5 dxe5 12. fxe5 Nfd7 13. Bf4 Bb7 {[%cal Bc8b7,Bb7c6,Bc6d5][%mdl 32]} 14. Bf3 Nc6 {B84: Sicilian Scheveningen: 6 Be2 a6, lines without early Be3} 15. Bxc6 (15. Nxc6 Bxc6 16. Qe2 b4 17. Bxc6 Qxc6 18. Ne4 Nb6 19. c3 {½-½ (19) Azarov,S (2594)-Brkic,A (2558) Moscow 2008}) 15... Bxc6 16. Qg4 Kh8 17. Rae1 b4 {LiveBook: 3 Games} 18. Nce2 (18. Nxc6 $11 Qxc6 19. Ne4) 18... Bd5 $146 ({Find the theoretical novelty and annotate with similar games:} 18... Bb5 19. Rf3 Bxe2 20. Rxe2 Rg8 21. Qh5 Qc4 22. Be3 {0-1 (72) Ruiz Aguilar,P (2307)-Dalo,H (2148) Barbera del Valles 2013}) 19. Ng3 Qb7 20. Nh5 {[%csl Gh5][%cal Rg4g7]} Rg8 21. Bd2 $2 {[#]} (21. Qe2 $17) 21... f5 $2 (21... Nf6 $1 $19 {[%cal Rf6g4][%mdl 512]} 22. Qh3 (22. exf6 $2 gxf6 23. Qf3 Bxf3 $19) 22... Nxh5 23. Rxf7 g6 24. Nxe6 Rgf8 25. Rxe7 Qxe7 26. Nxf8 Rxf8) 22. Qe2 $17 Nc5 23. Nf4 g5 ({Of course not} 23... Bxa2 24. b3 $11) 24. Nxd5 Qxd5 25. Be3 Rg6 (25... Rac8 $17) 26. Rd1 $11 Qe4 27. Rfe1 Rc8 28. Qf1 Qb7 29. c4 bxc3 $1 30. bxc3 {[#]} Qc7 ({Black should play} 30... Ne4 $1 $17 31. Rb1 Qa8) 31. Nb3 Ne4 32. Qxa6 Rcg8 33. Bd4 g4 34. Qd6 (34. Nd2 $11) 34... Qb7 $15 35. Na5 Qa8 36. Qxe7 {Hoping for Nc4.} Qxa5 37. Rxe4 fxe4 38. Bf2 (38. Rf1 $15) 38... g3 ({Weaker is} 38... Qxa2 39. Bh4 $11) (38... Qxc3 $19 39. Qf7 e3) 39. Bxg3 $17 Qxa2 40. Rg1 Qd5 (40... e3 $17 41. Qc5 Qd2) 41. Bh4 $1 $11 {[%cal Rh4f6] Black must now prevent Bf6+.The position is equal.} Qxe5 {...e3 is the strong threat.} 42. Rf1 $1 Qxc3 {And now ...e3 would win.} 43. g3 Qg7 44. Rf7 Qa1+ 45. Kg2 {[%csl Ge7][%cal Rf7h7]} Qb2+ 46. Kh1 {[%csl Ge7][%cal Rf7h7]} Qa1+ 47. Kg2 {[%csl Ge7][%cal Rf7h7]} Qb2+ 48. Rf2 Qg7 {aiming for ...Qxe7.} 49. Rf7 Qb2+ 50. Rf2 {Precision: White = 51%, Black = 59%.} 1/2-1/2

[Event "8th HDBank Cup 2018"]
[Site "Hanoi"]
[Date "2018.03.13"]
[Round "6"]
[White "Bogdanovich, Stanislav"]
[Black "Pham Chuong"]
[Result "0-1"]
[WhiteElo "2560"]
[BlackElo "2393"]
[Annotator "TA"]
[PlyCount "126"]
[EventDate "2018.??.??"]
[EventCountry "VIE"]
[SourceTitle "playchess.com"]
[Source "ChessBase"]
[SourceQuality "1"]

{[%evp 18,126,12,16,39,37,46,45,54,52,58,49,54,50,54,53,75,41,47,0,0,0,0,-11,-24,-22,0,-16,-10,-135,-133,-133,-140,-143,-144,-145,-147,-130,-131,-93,-29,-187,-250,-307,-314,-321,-320,-312,-319,-319,-314,-378,-354,-378,-300,-358,-357,-350,-338,-313,-298,-572,-538,-507,-474,-800,-793,-658,-544,-529,-510,-630,-605,-684,-683,-672,-623,-12838,-12839,-12839,-12839,-12840,-12840,-12841,-12840,-12843,-825,-811,-652,-614,-600,-1141,-1052,-1065,-1043,-1117,-2100,-2164,-2164,-1875,-1818,-1546,-1383,-12843,-12843,-12843,-12844,-12841,-12841,-12840,-12839]} 1. d4 d5 2. c4 e6 3. Nc3 Be7 4. cxd5 exd5 5. Bf4 Nf6 6. e3 O-O 7. Bd3 c5 8. dxc5 Bxc5 9. Nge2 Nc6 10. O-O {LiveBook: 58 Games. D35: Queen's Gambit Declined: Exchange Variation} Bd6 (10... h6 11. Rc1 a6 12. Bg3 Bg4 13. h3 Be6 14. Nf4 Bd6 15. Bb1 Be5 16. Qd3 Qd6 17. Nh5 Rfd8 18. Nxf6+ gxf6 {1-0 (39) Navara,D (2734)-Kravtsiv,M (2621) Berlin 2015}) 11. Qa4 $146 ({Predecessor:} 11. Bxd6 Qxd6 12. Nb5 Qe7 13. Rc1 Bg4 14. h3 Bxe2 15. Bxe2 Rac8 16. Qd2 a6 17. Nd4 Ne5 {½-½ (42) Kotanjian,T (2551)-Arutinian,D (2573) Yerevan 2010}) 11... Bxf4 12. Qxf4 {White is slightly better.} Be6 13. Rad1 Qe7 14. Bb1 Rad8 15. Rd2 Nh5 16. Qa4 Ne5 17. Rfd1 {[%cal Rc3d5]} Qg5 $1 18. Ng3 (18. Nd4 $14 Bg4 19. f4 Nxf4 20. exf4 Bxd1 21. Qxd1 (21. fxg5 Bxa4 22. Nxa4 Rfe8 $14) 21... Qxf4 22. Nf5) 18... Nxg3 $11 19. hxg3 Ng4 {aiming for ...Qh5.} 20. Qf4 Qh5 21. f3 $1 {[%cal Rf3g4]} Qh2+ 22. Kf1 f5 23. Ke1 {[#]} (23. Ne2 $11) 23... d4 $1 $17 {[%mdl 512]} 24. Rxd4 Rxd4 (24... Qxg2 $2 25. fxg4 Rxd4 26. exd4 $18) 25. exd4 {[#]} Qg1+ $1 (25... Qxg2 $2 26. fxg4 Qxb2 27. Qd2 $18) 26. Kd2 Qf2+ $40 {[%mdl 1152] Black has strong compensation. White is in trouble.} (26... Qxg2+ 27. Kc1 $15) 27. Kc1 Ne3 28. Rh1 h6 ({Reject} 28... Qxg2 $6 29. Re1 $11) (28... Nxg2 $6 29. Qe5 $14) ({Better is} 28... Bc4 $17 {White must now prevent ...Bf1.} 29. Nd1 Qxg2) 29. Bd3 $2 (29. d5 $1 $11 {and White is okay.} Rd8 30. Qd4) 29... Bc4 $19 ({Stronger than} 29... Qxg2 30. Re1 $16) 30. Rf1 Nxf1 31. Bxc4+ Kh8 {And now ...Ne3 would win.} 32. Bxf1 Qxf1+ {[%mdl 4096] Endgame KQR-KQN} 33. Kc2 b5 {[%cal Bb7b5,Bb5b4][%mdl 32]} ({But not} 33... Qxg2+ 34. Kb3 $19) 34. Qd6 Rf6 35. Qe5 b4 36. Qe8+ Kh7 37. Ne2 Qxg2 38. Qe3 a5 39. Kb3 $2 (39. Qd3 {might work better.}) 39... Qf1 {Hoping for ...Qd1+.Black is clearly winning.} 40. Qd3 Qa1 41. a4 (41. Qc2 $142 a4+ 42. Kxb4 Qxa2 43. Nc3 Rb6+ 44. Ka5) 41... bxa3 42. bxa3 Kh8 {Threatens to win with ...Rb6+.} 43. Nc3 Qe1 44. d5 Qxg3 45. Nb5 Qf4 46. d6 {intending d7.} a4+ 47. Kc3 Re6 48. Qc4 Qxf3+ 49. Kb4 Re4 50. Nd4 Qf4 51. Kc5 Re8 {( -> ...Rc8+)} 52. Nc6 Qf2+ 53. Qd4 Qc2+ 54. Kb6 Rc8 55. Nb4 Rb8+ 56. Ka7 Qc8 {[%csl Gb8][%cal Rc8b7]} 57. Qd5 Qd8 {[%csl Gb8][%cal Rd8b6]} 58. Qc6 Rc8 59. Qb7 Rc5 60. Qb6 Qd7+ 61. Ka6 Rc8 62. Ka5 Ra8+ 63. Na6 Rd8 {Precision: White = 39%, Black = 74%.} 0-1

[Event "8th HDBank Cup 2018"]
[Site "Hanoi"]
[Date "2018.03.13"]
[Round "6"]
[White "Krysa, Leandro"]
[Black "Zou, Chen"]
[Result "1/2-1/2"]
[WhiteElo "2548"]
[BlackElo "2291"]
[Annotator "TA"]
[PlyCount "87"]
[EventDate "2018.??.??"]
[EventCountry "VIE"]
[SourceTitle "playchess.com"]
[Source "ChessBase"]
[SourceQuality "1"]

{[%evp 15,87,39,2,-7,-2,-5,12,0,0,-6,0,4,12,27,54,54,62,61,59,59,54,47,46,54,45,57,63,63,68,-7,0,-23,-15,-29,-29,-25,0,0,0,0,0,-36,0,0,0,0,0,-17,0,-19,-11,-10,-6,-23,-22,-27,-14,-12,-11,-19,-12,-15,-13,-189,-191,-186,0,0,0,-465,0,0,754,0]} 1. d4 Nf6 2. c4 e6 3. Nf3 d5 4. Nc3 Bb4 5. cxd5 exd5 6. Bg5 h6 7. Bh4 O-O {D38: Queen's Gambit Declined: Ragozin Defence (4 Nf3 Bb4)} 8. e3 Bf5 {LiveBook: 32 Games} 9. Rc1 Nbd7 {The position is equal.} 10. Qb3 Bxc3+ 11. Rxc3 c6 12. Nd2 Qe8 $146 ({Predecessor:} 12... Qa5 13. f3 Rfe8 14. Kf2 Rac8 15. Be2 {1-0 (25) Ivanchuk,V (2732)-Wei,Y (2740) Hoogeveen 2017}) 13. f3 Qe6 14. Be2 b6 15. O-O c5 {[#] ...cxd4 is the strong threat.} 16. Re1 c4 17. Nxc4 dxc4 18. Bxc4 Qd6 19. Bg3 {[%mdl 1024] White has compensation.} Qe7 20. e4 Be6 $1 21. d5 Nc5 22. Qa3 (22. Qd1 $14 Bd7 23. Qd2) 22... Bd7 $11 23. d6 Qd8 24. Bh4 g5 25. Bf2 a5 26. Bxc5 bxc5 27. Qxc5 Rb8 28. Qc7 (28. b3 {is interesting.} Nh5 29. g3 Ng7 30. f4 a4 31. f5) 28... Ne8 29. Qxd8 Rxd8 30. e5 Ng7 31. g3 $1 Be6 32. f4 Bxc4 33. Rxc4 f6 34. b3 gxf4 35. gxf4 Ne6 36. Ra4 Rd7 37. Re3 fxe5 38. fxe5 Rdf7 39. Rh4 $2 (39. Rg3+ $11 Kh7 40. h4 (40. Rxa5 $2 Rf1+ 41. Kg2 R8f2+ 42. Kh3 Ng5+ 43. Rxg5 hxg5 $19)) 39... Rf1+ $19 40. Kg2 Rd1 $2 ({Better is} 40... R8f2+ $19 41. Kh3 h5) 41. Rxh6 $11 Nf4+ 42. Kg3 $2 {[%mdl 8192] [#]} (42. Kf2 $1 $11 {and White has nothing to worry.} Rd2+ 43. Ke1) 42... Rg1+ $2 (42... Kg7 $1 $19 43. Rh4 Ng6) 43. Kf2 Rd1 $2 {[%mdl 8192]} (43... Nh3+ $11 44. Ke2 Nf4+ 45. Kf2 Nh3+ 46. Ke2 Nf4+ 47. Kd2 Rg2+ 48. Kd1 Kg7) 44. Rh4 $2 {Precision: White = 49%, Black = 61%.} ({Only move:} 44. Rg3+ $18 Kf7 45. Rf6+ Ke8 46. Rxf8+ Kxf8 47. Rf3) 1/2-1/2

[Event "8th HDBank Cup 2018"]
[Site "Hanoi"]
[Date "2018.03.13"]
[Round "6"]
[White "Sivuk, Vitaly"]
[Black "Taher, Yoseph Theolifus"]
[Result "1-0"]
[WhiteElo "2526"]
[BlackElo "2375"]
[Annotator "TA"]
[PlyCount "65"]
[EventDate "2018.??.??"]
[EventCountry "VIE"]
[SourceTitle "playchess.com"]
[Source "ChessBase"]
[SourceQuality "1"]

{[%evp 28,65,18,0,75,88,108,103,122,139,149,108,313,304,305,299,304,296,303,281,287,289,383,373,382,377,378,379,362,366,382,375,424,413,448,450,417,395,388,367]} 1. d4 Nf6 2. c4 e6 3. g3 c5 4. d5 exd5 5. cxd5 d6 6. Nc3 g6 7. Bg2 Bg7 8. Nf3 O-O 9. O-O Re8 10. Bf4 Ne4 11. Nxe4 Rxe4 12. Nd2 {A62: Modern Benoni: Fianchetto Variation without early ...Nbd7} Rxf4 13. gxf4 Bxb2 14. Rb1 Bg7 15. e4 {LiveBook: 33 Games} Qh4 {[#]} (15... Nd7 $11 {remains equal.}) (15... Nd7 16. Qf3 b5 17. Rfe1 c4 18. e5 dxe5 19. Rxb5 Ba6 {1-0 (50) Matlakov,M (2684)-Bologan,V (2654) Poikovsky 2016}) 16. Qf3 $146 ({Predecessor:} 16. e5 Qxf4 17. e6 fxe6 18. dxe6 Nc6 19. Re1 Be5 20. Nf3 Bxe6 21. Nxe5 Nxe5 22. Re4 Qf5 23. Qxd6 Bxa2 24. Rxb7 Nf7 25. Rb8+ {1-0 (25) Allicock,R (2151)-Krush,I (2444) New York 2016}) 16... Bh6 17. Qg3 Qxf4 18. Nc4 b6 {Black wants to play ...Ba6.} 19. Nxd6 Ba6 $2 (19... Nd7 $16 {is a better defense.}) 20. Rfe1 $18 Qxg3 21. hxg3 ({Less strong is} 21. fxg3 Bd3 $16) 21... Bd3 22. Rbd1 Bc2 23. e5 Bxd1 24. Rxd1 Bf8 {[#]} 25. Nxf7 $1 {[%mdl 512]} Kxf7 26. d6 Nc6 27. Bd5+ ({Not} 27. Bxc6 Rd8 $18) 27... Kg7 28. Bxc6 Rd8 29. Bb5 Kf7 30. Bc4+ Ke8 31. Kg2 Kd7 32. a4 ({Weaker is} 32. e6+ Kc6 $18) 32... Kc6 33. f4 {Precision: White = 87%, Black = 56%.} 1-0